• 首页
  • 本馆介绍
  • 公告通知
  • 最新文献
  • 馆藏检索
  • 电子资源
  • 读者导购
  • 参考咨询
  • 我的图书馆
  • 登录
  • 详细信息显示
  • 放入我的书架
  • 预约/预借图书
  • 作者相关作品
  • 分类相关作品
  • 丛书相关作品
  • 出版社相关作品

书目信息

  • 表格格式
  • 工作单格式
  • 卡片格式
题名:
乌托邦
    
 
作者: 莫尔 著 ;唐译 编译
分册:  
出版信息: 长春   吉林出版集团有限责任公司  2011.10
页数: 236页
开本: 24cm
丛书名: 英语大书虫世界文学名著文库
单 册:
中图分类: D010.6
科图分类:
主题词: 英语--汉语--对照读物 , 乌托邦 , 英语 , 汉语
电子资源:
ISBN: 978-7-5463-5827-7
000 01008oam2 2200313 45
001 1237723684
005 20120618085805.07
010    @a978-7-5463-5827-7@dCNY29.80
100    @a20111109d2011 em y0chiy0110 ea
101 2  @achi@aeng@ceng
102    @aCN@b220000
105    @ay z 000yy
106    @ar
200 1  @a乌托邦@AWu Tuo Bang@f(英)莫尔著@F( Ying ) Mo Er Zhu@g唐译编译
210    @a长春@c吉林出版集团有限责任公司@d2011.10
215    @a236页@d24cm
225 2  @a英语大书虫世界文学名著文库
300    @a理想藏书 英汉读本
330    @a《乌托邦》以对话的形式,反映了早期无产阶级对资本主义原始积累时期残酷剥削和压榨的强烈抗议,同时描绘了作者的理想社会,对以后社会主义思想的发展有很大的影响。
461  0 @1461 0@a英语学习人员
606 0  @a英语@x汉语@j对照读物
606 0  @a乌托邦
606 0  @a英语
606 0  @a汉语
690    @aD010.6@v4
701  0 @c(英)@a莫尔@AMo Er@4著
702  0 @a唐译@ATang Yi@4编译
801  0 @aCN@bTSTCL@c20120611
905    @b0818694-97@dD010.6@e297@f4
    
    乌托邦/(英)莫尔著/唐译编译.-长春:吉林出版集团有限责任公司,2011.10
    236页;24cm.-(英语大书虫世界文学名著文库)
    理想藏书 英汉读本
    
    ISBN 978-7-5463-5827-7:CNY29.80
    《乌托邦》以对话的形式,反映了早期无产阶级对资本主义原始积累时期残酷剥削和压榨的强烈抗议,同时描绘了作者的理想社会,对以后社会主义思想的发展有很大的影响。
●
相关链接 在E读中查询图书 在五车中查询图书 在当当中查询图书 在豆瓣中查询图书


正题名:乌托邦     索取号:D010.6/297         预约/预借

序号 登录号 条形码 馆藏地/架位号 状态 备注
1 0818694   208186942   第一样本阅览室/ [索取号:D010.6/297] 在馆    
2 0818695   208186951   第一借阅区/ [索取号:D010.6/297] 在馆    
3 0818696   208186960   第一借阅区/ [索取号:D010.6/297] 在馆    
4 0818697   208186979   第一借阅区/ [索取号:D010.6/297] 在馆    
唐山师范学院图书馆 欢迎您!
大连网信软件有限公司© 版权所有